| 000 | 01230nam2a22002531 4500 | ||
|---|---|---|---|
| 001 | rc\269157 | ||
| 005 | 20250621063026.0 | ||
| 010 |
_a5-86529-006-1 _925000 |
||
| 035 | _a(NLR Aleph) 005625186 | ||
| 090 |
_a6527644 _c6527644 |
||
| 100 | _a20030307d1994 |||y0rusy50 ca | ||
| 101 | 0 | _arus | |
| 102 | _aRU | ||
| 105 | _aa ||||||||| | ||
| 200 | 1 |
_aВсе красное _fПер. В. Селивановой _aПроклятое наследство _fПер. В. Селивановой, И. Колташевой |
|
| 210 |
_d1994 _aБ. м. |
||
| 215 |
_a477, [2] с. _cил. |
||
| 461 | 0 |
_1001rc\269155 _12001#$aИронический детектив Иоанны Хмелевской$e[Пер. с польского$fХудож. Н. Бугославская]$vТ. 2 _1700#1$aХмелевская$bИ.$f1932-2013$gИоанна$3RU\NLR\AUTH\77319$4070 _96527629 _aХмелевская, И. (1932-2013) _cМ. _d1994- _fХудож. Н. Бугославская] _nАванта+ _o[Пер. с польского _tИронический детектив Иоанны Хмелевской _y5865290053 _vТ. 2 |
|
| 801 | 0 |
_aRU _bNLR _gpsbo |
|
| 801 | 1 |
_aRU _bELAR _2rusmarc |
|
| 852 |
_aNLR _j94-3/985 |
||
| 942 | _cBOOK | ||
| 980 | _aNB | ||